| 000 | 01003cab a2200253 4500 | ||
|---|---|---|---|
| 001 | ABS45723 | ||
| 008 | 090401t1992 xxu||||| |||| 00| 0 eng d | ||
| 035 | _a(Sirsi) u54755 | ||
| 041 | _aeng | ||
| 100 | _aBurnett-Hall, R.H. | ||
| 245 | _aWaste and polluted land | ||
| 260 | _c1992 | ||
| 350 | _a0 | ||
| 490 |
_aSolicitors` Journal _v136(3) 24 January 1992, 68-69(2) |
||
| 520 | _aPart II of the Environmental Protection Act 1990, coming into force in April 1992 introduces two innovations: a duty of care in the disposal of waste, and a system of registers to classify contaminated land for the benefit of planners, buyers and lenders. The legislation is discussed here, concentrating on sections 34, 61 and 143 of the Act. | ||
| 650 | _aCONTAMINATED LAND REGISTERS | ||
| 650 | _aDUTY OF CARE | ||
| 650 | _aENVIRONMENTAL PROTECTION ACT 1990 S34 | ||
| 650 | _aPOLLUTION | ||
| 650 | _aWASTE CONTROL | ||
| 690 | _aENVIRONMENTAL AND LAND CONSULTANCY | ||
| 942 | _n0 | ||
| 948 | _c04/03/1997 | ||
| 999 |
_c33563 _d33563 |
||